| 000 | 00968nac a22002171u 4500 | ||
|---|---|---|---|
| 010 | _a 2004060960 | ||
| 020 | _a0072987561 (acid-free) | ||
| 082 | 0 | 0 |
_a621.3815/2 _bN348 |
| 090 |
_c1933 _d1933 |
||
| 100 | _aNeamen, Donald A. | ||
| 245 | 1 | 3 |
_aAn introduction to Semiconductor devices / _cDonald A. Neamen. |
| 246 | 3 | 0 | _aSemiconductor devices |
| 260 |
_aBoston : _bMcGraw-Hill, _cc2006. |
||
| 300 |
_axx, 678 p. : _bill. (some col.) ; _c24 cm. |
||
| 504 | _aIncludes bibliographical references and index. | ||
| 650 | 0 |
_aSemiconductors _vTextbooks. |
|
| 856 | 4 | 2 |
_3Publisher description _uhttp://www.loc.gov/catdir/enhancements/fy0618/2004060960-d.html |
| 856 | 4 | 2 |
_3Table of contents only _uhttp://www.loc.gov/catdir/enhancements/fy0618/2004060960-t.html |
| 942 |
_cBB _k621.3815/2 |
||
| 999 |
_c1933 _d1933 |
||